MARC details
| 000 -LEADER |
| campo de control de longitud fija |
01420cam a22004573a 4500 |
| 001 - NÚMERO DE CONTROL |
| campo de control |
46695 |
| 005 - FECHA Y HORA DE LA ÚLTIMA TRANSACCIÓN |
| campo de control |
20230411085958.0 |
| 008 - DATOS DE LONGITUD FIJA--INFORMACIÓN GENERAL |
| campo de control de longitud fija |
020524s2009 sp babm 000 0 spa |
| 035 ## - NÚMERO DE CONTROL DEL SISTEMA |
| Número de control de sistema |
(OCoLC)ocn503455156 |
| 040 ## - FUENTE DE CATALOGACIÓN |
| Centro catalogador/agencia de origen |
GWDNB |
| Normas de descripción |
rakwb |
| Lengua de catalogación |
ger |
| Centro/agencia transcriptor |
GWDNB |
| 016 7# - NÚMERO DE CONTROL DE UNA AGENCIA BIBLIOGRÁFICA NACIONAL |
| Número de control del registro |
995375054 |
| Fuente |
GyFmDB |
| 020 ## - NÚMERO INTERNACIONAL ESTÁNDAR DEL LIBRO |
| Número Internacional Estándar del Libro |
9788449322693 |
| 020 ## - NÚMERO INTERNACIONAL ESTÁNDAR DEL LIBRO |
| Número Internacional Estándar del Libro |
8449322693 |
| 029 0# - OTRO NÚMERO DE CONTROL DE SISTEMA (OCLC) |
| Identificador de la biblioteca OCLC |
GWDNB |
| Número de control de sistema |
995375054 |
| 035 ## - NÚMERO DE CONTROL DEL SISTEMA |
| Número de control de sistema |
(OCoLC)503455156 |
| 041 1# - CÓDIGO DE IDIOMA |
| Código de lengua del texto/banda sonora o título independiente |
spa |
| Código de lengua original |
ger |
| 082 04 - NÚMERO DE LA CLASIFICACIÓN DECIMAL DEWEY |
| Número de clasificación |
146 |
| Número de edición |
DDC22ger |
| 082 04 - NÚMERO DE LA CLASIFICACIÓN DECIMAL DEWEY |
| Número de clasificación |
306.6 |
| Número de edición |
DDC22ger |
| 084 ## - OTRO NÚMERO DE CLASIFICACIÓN |
| Número de clasificación |
100 |
| -- |
200 |
| -- |
300 |
| Fuente del número |
GyFmDB |
| 049 ## - FONDOS LOCALES (OCLC) |
| Biblioteca depositaria |
GRAL |
| 245 00 - MENCIÓN DEL TÍTULO |
| Título |
Carta al Papa |
| Resto del título |
consideraciones sobre la fe |
| Mención de responsabilidad, etc. |
Jurgen Habermas, Michael Reder y Josef Schmidt. [Trad. de Bernardo Moreno Carrillo] |
| 260 ## - PUBLICACIÓN, DISTRIBUCIÓN, ETC. |
| Lugar de publicación, distribución, etc. |
Barcelona |
| -- |
Buenos Aires |
| -- |
México |
| Nombre del editor, distribuidor, etc. |
Paidâos |
| Fecha de publicación, distribución, etc. |
2009 |
| 300 ## - DESCRIPCIÓN FÍSICA |
| Extensión |
266 p. |
| Dimensiones |
18 cm |
| 490 1# - MENCIÓN DE SERIE |
| Mención de serie |
El arco de Ulises |
| Designación de volumen o secuencia |
15 |
| 500 ## - NOTA GENERAL |
| Nota general |
Literaturangaben |
| 650 07 - PUNTO DE ACCESO ADICIONAL DE MATERIA--TÉRMINO DE MATERIA |
| Término de materia o nombre geográfico como elemento de entrada |
Naturalismus <Philosophie> |
| Fuente del encabezamiento o término |
swd |
| 650 07 - PUNTO DE ACCESO ADICIONAL DE MATERIA--TÉRMINO DE MATERIA |
| Término de materia o nombre geográfico como elemento de entrada |
Religion |
| Fuente del encabezamiento o término |
swd |
| 650 07 - PUNTO DE ACCESO ADICIONAL DE MATERIA--TÉRMINO DE MATERIA |
| Término de materia o nombre geográfico como elemento de entrada |
Religièoser Pluralismus |
| Fuente del encabezamiento o término |
swd |
| 650 07 - PUNTO DE ACCESO ADICIONAL DE MATERIA--TÉRMINO DE MATERIA |
| Término de materia o nombre geográfico como elemento de entrada |
Bèurgerliche Gesellschaft |
| Fuente del encabezamiento o término |
swd |
| 650 07 - PUNTO DE ACCESO ADICIONAL DE MATERIA--TÉRMINO DE MATERIA |
| Término de materia o nombre geográfico como elemento de entrada |
Toleranz |
| Fuente del encabezamiento o término |
swd |
| 655 #7 - TERMINO DE INDIZACIÓN--GENERO/FORMA |
| Datos o término principal de género/forma |
Aufsatzsammlung |
| Fuente del término |
swd |
| 700 1# - ENTRADA AGREGADA--NOMBRE PERSONAL |
| Nombre de persona |
Habermas, Jèurgen |
| Relación |
aut |
| 700 1# - ENTRADA AGREGADA--NOMBRE PERSONAL |
| Nombre de persona |
Reder, Michael |
| Relación |
aut |
| 700 1# - ENTRADA AGREGADA--NOMBRE PERSONAL |
| Nombre de persona |
Schmidt, Josef |
| Relación |
aut |
| 700 1# - ENTRADA AGREGADA--NOMBRE PERSONAL |
| Nombre de persona |
Moreno Carrillo, Bernardo |
| Término indicativo de función/relación |
èUbers. |
| Relación |
aut |
| 730 0# - ASIENTO SECUNDARIO--TITULO UNIFORME |
| Título uniforme |
Bewusstsein von dem, was fehlt |
| Lenguaje de la obra |
span. |
| 830 #3 - PUNTO DE ACCESO ADICIONAL DE SERIE-TÍTULO UNIFORME |
| Título uniforme |
El arco de Ulises ; |
| Designación de volumen o secuencia |
15. |
| 942 ## - ELEMENTOS DE ENTRADA SECUNDARIOS (KOHA) |
| Fuente del sistema de clasificación o colocación |
Clasificación de Library of Congress |
| Tipo de ítem Koha |
|
| 994 ## - |
| -- |
C0 |
| -- |
DRFGD |
| 946 ## - PROCESAMIENTO DE INFORMACIÓN LOCAL (OCLC) |
| a |
YSL |